Daniel : (Record no. 51087)
[ view plain ]
| 000 -LEADER | |
|---|---|
| fixed length control field | 00648nam a2200169Ia 4500 |
| 008 - FIXED-LENGTH DATA ELEMENTS--GENERAL INFORMATION | |
| fixed length control field | 231221s9999 xx 000 0 und d |
| 020 ## - INTERNATIONAL STANDARD BOOK NUMBER | |
| International Standard Book Number | 97808006604060800660404 |
| 041 ## - LANGUAGE CODE | |
| Language code of text/sound track or separate title | eng |
| 050 ## - LIBRARY OF CONGRESS CALL NUMBER | |
| Classification number | BS1555.3 |
| Item number | .C64 1993 |
| 100 ## - MAIN ENTRY--PERSONAL NAME | |
| Personal name | Collins, John J. |
| 245 #0 - TITLE STATEMENT | |
| Title | Daniel : |
| Remainder of title | a commentary on the book of Daniel/ |
| Statement of responsibility, etc. | John J. Collins |
| 260 ## - PUBLICATION, DISTRIBUTION, ETC. | |
| Place of publication, distribution, etc. | Minneapolis: |
| Name of publisher, distributor, etc. | Fortress Press, |
| Date of publication, distribution, etc. | 1993 |
| 300 ## - PHYSICAL DESCRIPTION | |
| Extent | xxxvi, 499 p. |
| Other physical details | ; |
| Dimensions | 24 cm. |
| 490 ## - SERIES STATEMENT | |
| Series statement | Hermeneia--a critical and historical commentary on the Bible |
| 650 ## - SUBJECT ADDED ENTRY--TOPICAL TERM | |
| Topical term or geographic name entry element | 11.41 study and interpretation of the Old Testament.Apocalyptic literature.Apocalyptic literature History and criticism. |
| Withdrawn status | Lost status | Damaged status | Not for loan | Home library | Current library | Shelving location | Date acquired | Total Checkouts | Full call number | Barcode | Date last seen | Price effective from | Koha item type |
|---|---|---|---|---|---|---|---|---|---|---|---|---|---|
| GETS Theological Seminary Library | GETS Theological Seminary Library | 12/27/2023 | BS1555.3 .C64 1993 | 00032610 | 12/27/2023 | 12/27/2023 | English Books |